000 01254nam a2200229 i 4500
001 151937
003 ES-MaACL
005 20251001141542.0
008 931025s1786 sp |||| | spa d
040 _aCAM
_bspa
_cPAB
100 1 _aBerkeley, George.
_928043
245 1 0 _aComposición, uso y virtudes del agua balsámica, vulgo de brea, del ilustrisimo señor don Jorge Berkeley, Obispo de Cloyne
_b: quien la propone como remedio el mas singular no solo para precaver y curar las viruelas, sino otras muchas enfermedades ... /
_cpublícala para beneficio de la humanidad el Licenciado Don Vicente Ferrer Gorraiz y Beaumont...
260 _aEn Madrid :
_ben la Imprenta Real,
_c1786.
300 _a32 p. ;
_c4º.
530 _aDisponible también en sitio web.
597 _aSign.: A-D4.
650 4 _aHidroterapia-
_vObras anteriores a 1800.
_9147184
700 1 _aFerrer Gorraiz Beaumont y Montesa, Vicente,
_d1718-1792
_9152495
852 _aES-MaACL
_jR-3097(9)
_x Olim:T-627-F
_z-- Enc. pasta española, Falto de la enc. original
_z-- Enc. en un vol. facticio
_x--
856 _uhttp://bibliotecadigitalhispanica.bne.es:80/webclient/DeliveryManager?pid=1854497&custom_att_2=simple_viewer
_zIr a la página
999 _c151937
_d151937